000
00291nam a2200085Ia 4500
245
0
_a
Growing root vegetables : a directory of varieties and how to cultivate them successfully
100
_a
BIRD, Richard London, 2003
_9
89354
942
_c
BK
008
210825s9999 xx 000 0 und d
999
_c
502600
_d
502599